| 000 | 00601nam a2200241Ia 4500 | ||
|---|---|---|---|
| 003 | OSt | ||
| 005 | 20250722192903.0 | ||
| 008 | 210423s2011 xx 000 0 und d | ||
| 020 | _a9780745330761 | ||
| 040 | _cAL | ||
| 041 | _aEnglish | ||
| 082 |
_a070.92 _bRANU |
||
| 100 |
_aDavid Randall _943621 |
||
| 245 | _aUniversal journalist | ||
| 250 | _a4 | ||
| 260 |
_aLondon _bPluto Press _c2011 |
||
| 300 |
_aix,252p. _bPB _c21.5x13.5cm. |
||
| 365 |
_b1515 _cINR |
||
| 650 |
_aJournalism _943622 |
||
| 650 |
_aJournalism & Media _943623 |
||
| 906 | _ajournalist. ; Universal | ||
| 942 |
_2ddc _cBK |
||
| 999 |
_c160600 _d160600 |
||